<?xml version="1.0" encoding="UTF-8"?>
<record
    xmlns:xsi="http://www.w3.org/2001/XMLSchema-instance"
    xsi:schemaLocation="http://www.loc.gov/MARC21/slim http://www.loc.gov/standards/marcxml/schema/MARC21slim.xsd"
    xmlns="http://www.loc.gov/MARC21/slim">

  <leader>01161nam0a2200313   4500</leader>
  <controlfield tag="001">RU\NLR\bibl\798363</controlfield>
  <controlfield tag="005">20260405123341.0</controlfield>
  <datafield tag="021" ind1=" " ind2=" ">
    <subfield code="a">RU</subfield>
    <subfield code="b">2004-47111</subfield>
    <subfield code="9">2326</subfield>
  </datafield>
  <datafield tag="035" ind1=" " ind2=" ">
    <subfield code="a">(NLR Aleph) 000787554</subfield>
  </datafield>
  <datafield tag="090" ind1=" " ind2=" ">
    <subfield code="a">1101120</subfield>
    <subfield code="c">1101120</subfield>
  </datafield>
  <datafield tag="100" ind1=" " ind2=" ">
    <subfield code="a">20050513d2004    |||y0rusy50      ca</subfield>
  </datafield>
  <datafield tag="101" ind1="0" ind2=" ">
    <subfield code="a">rus</subfield>
  </datafield>
  <datafield tag="102" ind1=" " ind2=" ">
    <subfield code="a">RU</subfield>
  </datafield>
  <datafield tag="105" ind1=" " ind2=" ">
    <subfield code="a">y   |||||||||</subfield>
  </datafield>
  <datafield tag="200" ind1="1" ind2=" ">
    <subfield code="a">&#x410;&#x432;&#x435;&#x441;&#x442;&#x438;&#x439;&#x441;&#x43A;&#x438;&#x439; (&#x421;&#x43E;&#x43B;&#x43D;&#x435;&#x447;&#x43D;&#x44B;&#x439;) &#x43A;&#x430;&#x43B;&#x435;&#x43D;&#x434;&#x430;&#x440;&#x44C;: &#x410;&#x440;&#x43A;&#x430;&#x438;&#x43C;&#x43E;&#x432;&#x441;&#x43A;&#x438;&#x439;</subfield>
    <subfield code="e">21 &#x43C;&#x430;&#x440;&#x442;&#x430; 2004 &#x433;&#x43E;&#x434;&#x430; - 20 &#x43C;&#x430;&#x440;&#x442;&#x430; 2005 &#x433;&#x43E;&#x434;&#x430; - &#x433;&#x43E;&#x434; &#x41C;&#x430;&#x43D;&#x433;&#x443;&#x441;&#x442;&#x430;</subfield>
    <subfield code="f">&#x41D;&#x430;&#x438;&#x43B; &#x412;&#x430;&#x43B;&#x438;&#x442;&#x43E;&#x432;</subfield>
  </datafield>
  <datafield tag="205" ind1=" " ind2=" ">
    <subfield code="a">[2-&#x435; &#x438;&#x437;&#x434;., &#x438;&#x441;&#x43F;&#x440;. &#x438; &#x434;&#x43E;&#x43F;.]</subfield>
  </datafield>
  <datafield tag="210" ind1=" " ind2=" ">
    <subfield code="a">&#x423;&#x444;&#x430;</subfield>
    <subfield code="c">[&#x431;.&#x438;.]</subfield>
    <subfield code="d">2004</subfield>
  </datafield>
  <datafield tag="215" ind1=" " ind2=" ">
    <subfield code="a">18, [1] &#x441;.</subfield>
    <subfield code="d">21</subfield>
  </datafield>
  <datafield tag="320" ind1=" " ind2=" ">
    <subfield code="a">&#x411;&#x438;&#x431;&#x43B;&#x438;&#x43E;&#x433;&#x440;. &#x432; &#x43A;&#x43E;&#x43D;&#x446;&#x435; &#x43A;&#x43D;.</subfield>
  </datafield>
  <datafield tag="606" ind1="1" ind2=" ">
    <subfield code="a">&#x41A;&#x430;&#x43B;&#x435;&#x43D;&#x434;&#x430;&#x440;&#x438;</subfield>
    <subfield code="y">&#x410;&#x441;&#x441;&#x438;&#x440;&#x438;&#x44F;</subfield>
    <subfield code="9">2340858</subfield>
    <subfield code="3">RU\NLR\auth\661399228</subfield>
  </datafield>
  <datafield tag="686" ind1=" " ind2=" ">
    <subfield code="a">&#x422;227</subfield>
  </datafield>
  <datafield tag="700" ind1=" " ind2="1">
    <subfield code="4">070</subfield>
    <subfield code="8">rus</subfield>
    <subfield code="7">ca</subfield>
    <subfield code="a">&#x412;&#x430;&#x43B;&#x438;&#x442;&#x43E;&#x432;</subfield>
    <subfield code="b">&#x41D;. &#x424;.</subfield>
    <subfield code="f">1953-</subfield>
    <subfield code="g">&#x41D;&#x430;&#x438;&#x43B; &#x424;&#x430;&#x441;&#x445;&#x443;&#x442;&#x434;&#x438;&#x43D;&#x43E;&#x432;&#x438;&#x447;</subfield>
    <subfield code="3">RU\NLR\auth\7749039</subfield>
    <subfield code="9">31974</subfield>
  </datafield>
  <datafield tag="801" ind1=" " ind2="0">
    <subfield code="a">RU</subfield>
    <subfield code="b">NLR</subfield>
    <subfield code="c">20050513</subfield>
    <subfield code="g">rcr</subfield>
  </datafield>
  <datafield tag="801" ind1=" " ind2="1">
    <subfield code="a">RU</subfield>
    <subfield code="b">NLR</subfield>
    <subfield code="c">20050513</subfield>
  </datafield>
  <datafield tag="830" ind1=" " ind2=" ">
    <subfield code="a">&#x430;&#x432;&#x442;. &#x43F;&#x43E; &#x43A;&#x430;&#x442;.</subfield>
  </datafield>
  <datafield tag="942" ind1=" " ind2=" ">
    <subfield code="c">BOOK</subfield>
  </datafield>
  <datafield tag="980" ind1=" " ind2=" ">
    <subfield code="a">NB</subfield>
  </datafield>
  <datafield tag="995" ind1=" " ind2=" ">
    <subfield code="5">2005-05-13</subfield>
    <subfield code="a">ad</subfield>
    <subfield code="b">NLR01</subfield>
    <subfield code="c">NLR01</subfield>
    <subfield code="e">RF3</subfield>
    <subfield code="f">917073</subfield>
    <subfield code="k">2005-4/21322</subfield>
    <subfield code="o">0</subfield>
    <subfield code="r">BOOK</subfield>
    <subfield code="s">2005421322_</subfield>
  </datafield>
  <datafield tag="995" ind1=" " ind2=" ">
    <subfield code="5">2005-05-13</subfield>
    <subfield code="a">ad</subfield>
    <subfield code="b">NLR01</subfield>
    <subfield code="c">NLR01</subfield>
    <subfield code="e">RF3</subfield>
    <subfield code="f">917074</subfield>
    <subfield code="k">2005-4/21322</subfield>
    <subfield code="o">0</subfield>
    <subfield code="r">BOOK</subfield>
    <subfield code="s">2005421322_</subfield>
  </datafield>
</record>
